A pioneering Catholic ecumenist: Igino Giordani
| Main Author: | |
|---|---|
| Format: | Print Article |
| Language: | English |
| Check availability: | HBZ Gateway |
| Interlibrary Loan: | Interlibrary Loan for the Fachinformationsdienste (Specialized Information Services in Germany) |
| Published: |
2002
|
| In: |
Irish biblical studies
Year: 2002, Volume: 24, Issue: 3, Pages: 118-133 |
| Standardized Subjects / Keyword chains: | B
Giordani, Igino 1894-1980
/ Fokolar-Bewegung
/ Ecumene
/ Holy See (motif)
|
| IxTheo Classification: | KAJ Church history 1914-; recent history KBJ Italy KDB Roman Catholic Church KDJ Ecumenism |
MARC
| LEADER | 00000caa a22000002c 4500 | ||
|---|---|---|---|
| 001 | 1645792005 | ||
| 003 | DE-627 | ||
| 005 | 20221214160347.0 | ||
| 007 | tu | ||
| 008 | 160405s2002 xx ||||| 00| ||eng c | ||
| 035 | |a (DE-627)1645792005 | ||
| 035 | |a (DE-576)466658230 | ||
| 035 | |a (DE-599)BSZ466658230 | ||
| 040 | |a DE-627 |b ger |c DE-627 |e rakwb | ||
| 041 | |a eng | ||
| 084 | |a 1 |2 ssgn | ||
| 100 | 1 | |0 (DE-627)124177353X |0 (DE-576)171773535 |4 aut |a Norris, Thomas J. | |
| 109 | |a Norris, Thomas J. |a Norris, Thomas |a Norris, T. |a Norris, Tom | ||
| 245 | 1 | 2 | |a A pioneering Catholic ecumenist: Igino Giordani |
| 264 | 1 | |c 2002 | |
| 336 | |a Text |b txt |2 rdacontent | ||
| 337 | |a ohne Hilfsmittel zu benutzen |b n |2 rdamedia | ||
| 338 | |a Band |b nc |2 rdacarrier | ||
| 652 | |a KAJ:KBJ:KDB:KDJ | ||
| 689 | 0 | 0 | |d p |0 (DE-588)118539434 |0 (DE-627)079338860 |0 (DE-576)208936084 |2 gnd |a Giordani, Igino |d 1894-1980 |
| 689 | 0 | 1 | |d b |0 (DE-588)4154949-1 |0 (DE-627)105519421 |0 (DE-576)209815116 |2 gnd |a Fokolar-Bewegung |
| 689 | 0 | 2 | |d s |0 (DE-588)4138445-3 |0 (DE-627)105642592 |0 (DE-576)20968609X |2 gnd |a Ökumene |
| 689 | 0 | 3 | |d b |0 (DE-588)2009545-4 |0 (DE-627)101659261 |0 (DE-576)191644501 |2 gnd |a Katholische Kirche |
| 689 | 0 | |5 (DE-627) | |
| 773 | 0 | 8 | |i In |t Irish biblical studies |d London : SCM Press, 1979 |g 24(2002), 3, Seite 118-133 |w (DE-627)166771015 |w (DE-600)304108-6 |w (DE-576)015212084 |x 0268-6112 |7 nnas |
| 773 | 1 | 8 | |g volume:24 |g year:2002 |g number:3 |g pages:118-133 |
| 935 | |a mteo |a BIIN | ||
| 951 | |a AR | ||
| BIB | |a 1 | ||
| ELC | |b 1 | ||
| ITA | |a 1 |t 1 | ||
| LOK | |0 000 xxxxxcx a22 zn 4500 | ||
| LOK | |0 001 331563730X | ||
| LOK | |0 003 DE-627 | ||
| LOK | |0 004 1645792005 | ||
| LOK | |0 005 20160405145735 | ||
| LOK | |0 008 160404||||||||||||||||ger||||||| | ||
| LOK | |0 040 |a DE-Tue135 |c DE-627 |d DE-Tue135 | ||
| LOK | |0 092 |o n | ||
| LOK | |0 852 |a DE-Tue135 | ||
| LOK | |0 852 1 |9 00 | ||
| LOK | |0 935 |a ixzs |a ixmi | ||
| LOK | |0 936ln |0 1442048786 |a KBJ | ||
| LOK | |0 936ln |0 1442049839 |a KDB | ||
| LOK | |0 936ln |0 1442050608 |a KDJ | ||
| LOK | |0 936ln |0 1442044640 |a KAJ | ||
| LOK | |0 939 |a 04-04-16 |b l01 | ||
| ORI | |a SA-MARC-ixtheoa001.raw | ||
| STA | 0 | 0 | |a Ecumene,Ecumene,Interconfessional dialog,Holy See (motif),Catholic church,Catholic Church,Catholic Church,Former pilgrimage church Saint Ottilia |
| STB | 0 | 0 | |a Saint-Siège (motif),Église catholique,Église catholique,Œcuménisme,Œcuménisme |
| STC | 0 | 0 | |a Ecumenismo,Ecumenismo,Movimiento juvenil católico |
| STD | 0 | 0 | |a Chiesa cattolica,Ecumenismo,Ecumenismo |
| STE | 0 | 0 | |a 天主教会,罗马公教,普世教会合一 |
| STF | 0 | 0 | |a 天主教會,羅馬公教,普世教會合一 |
| STG | 0 | 0 | |a Ecumenismo,Ecumenismo,Igreja católica |
| STH | 0 | 0 | |a Католическая церковь (мотив),Экуменизм (мотив),Экуменизм |
| STI | 0 | 0 | |a Καθολική Εκκλησία (μοτίβο),Οικουμενισμός (μοτίβο),Οικουμενισμός |
| SUB | |a BIB | ||
| SYG | 0 | 0 | |a Đordani, Iđino,1894-1980 , Fokolare-Bewegung,Focolare Movimento,Focolare Movement,Mouvement des Focolari,Werk Mariens,Opus Mariae,Focolarini,Gemeinschaft der Fokolare , Katolikus Egyház,RCC,Katoličeskaj Cerkovʹ,Katoličke Cerkve,Katolska Cyrkej,Katolske Kirke,Ecclesia Catholica,Igreja Católica,Römisch-Katholische Kirche,Katholikē Ekklēsia,Catholic Church,Roman Catholic Church,Eglise Catholique,Eglise Catholique Romaine,Chiesa Cattolica,Katholieke Kerk,Iglesia Católica,Katolické Církve,Kościoł Katolicki,Katoličke Crkve,Eglise catholique romaine,Chiesa cattolica romana,Roman catholic Church,Eglise catholique,Römische Kirche , Eglise catholique,Roman Catholic Church,Catholic Church , Ehemalige Wallfahrtskirche Sankt Ottilia |
| TIM | |a 100019430101_100020261231 |b 1943 - 2026 | ||